000
00284nam a2200109Ia 4500
008
230907s9999||||xx |||||||||||||| ||und||
082
_a
621.3192
_b
NAV
245
0
_a
Schaum's outlines electric circuits /
260
_a
McGraw-Hill,
_b
Chennai :
_c
2017
300
_a
Unpaged.
942
_c
BK
999
_c
601535
_d
601535